<?xml version="1.0" encoding="UTF-8"?>
<record
    xmlns:xsi="http://www.w3.org/2001/XMLSchema-instance"
    xsi:schemaLocation="http://www.loc.gov/MARC21/slim http://www.loc.gov/standards/marcxml/schema/MARC21slim.xsd"
    xmlns="http://www.loc.gov/MARC21/slim">

  <leader>00346nam a22001577a 4500</leader>
  <controlfield tag="003">OSt</controlfield>
  <controlfield tag="005">20240115154835.0</controlfield>
  <controlfield tag="008">190928b        xxu||||| |||| 00| 0 eng d</controlfield>
  <datafield tag="020" ind1=" " ind2=" ">
    <subfield code="a">9789388206853</subfield>
  </datafield>
  <datafield tag="040" ind1=" " ind2=" ">
    <subfield code="c">sero soft</subfield>
  </datafield>
  <datafield tag="100" ind1=" " ind2=" ">
    <subfield code="a">Singh,Avtar</subfield>
  </datafield>
  <datafield tag="245" ind1=" " ind2=" ">
    <subfield code="a">Company Law (Hindi)</subfield>
  </datafield>
  <datafield tag="260" ind1=" " ind2=" ">
    <subfield code="a">Lucknow</subfield>
    <subfield code="b">EBC</subfield>
  </datafield>
  <datafield tag="300" ind1=" " ind2=" ">
    <subfield code="a">583</subfield>
  </datafield>
  <datafield tag="942" ind1=" " ind2=" ">
    <subfield code="2">ddc</subfield>
    <subfield code="c">02</subfield>
  </datafield>
  <datafield tag="999" ind1=" " ind2=" ">
    <subfield code="c">49142</subfield>
    <subfield code="d">49142</subfield>
  </datafield>
  <datafield tag="952" ind1=" " ind2=" ">
    <subfield code="0">0</subfield>
    <subfield code="1">0</subfield>
    <subfield code="2">ddc</subfield>
    <subfield code="4">0</subfield>
    <subfield code="7">0</subfield>
    <subfield code="a">04</subfield>
    <subfield code="b">04</subfield>
    <subfield code="d">2019-09-28</subfield>
    <subfield code="e">Western Law House Meerut</subfield>
    <subfield code="g">525.00</subfield>
    <subfield code="i">00001191/19-24-9-19</subfield>
    <subfield code="l">3</subfield>
    <subfield code="p">04-B-7229</subfield>
    <subfield code="r">2026-01-24</subfield>
    <subfield code="s">2025-10-30</subfield>
    <subfield code="w">2019-09-28</subfield>
    <subfield code="y">02</subfield>
  </datafield>
  <datafield tag="952" ind1=" " ind2=" ">
    <subfield code="0">0</subfield>
    <subfield code="1">0</subfield>
    <subfield code="2">ddc</subfield>
    <subfield code="4">0</subfield>
    <subfield code="7">0</subfield>
    <subfield code="a">04</subfield>
    <subfield code="b">01</subfield>
    <subfield code="d">2019-09-28</subfield>
    <subfield code="e">Western Law House Meerut</subfield>
    <subfield code="g">525.00</subfield>
    <subfield code="i">00001191/19-24-9-19</subfield>
    <subfield code="l">1</subfield>
    <subfield code="p">04-B-7230</subfield>
    <subfield code="r">2024-03-18</subfield>
    <subfield code="s">2024-03-14</subfield>
    <subfield code="w">2019-09-28</subfield>
    <subfield code="y">02</subfield>
  </datafield>
  <datafield tag="952" ind1=" " ind2=" ">
    <subfield code="0">0</subfield>
    <subfield code="1">0</subfield>
    <subfield code="2">ddc</subfield>
    <subfield code="4">0</subfield>
    <subfield code="7">0</subfield>
    <subfield code="a">04</subfield>
    <subfield code="b">04</subfield>
    <subfield code="d">2019-09-28</subfield>
    <subfield code="e">Western Law House Meerut</subfield>
    <subfield code="g">525.00</subfield>
    <subfield code="i">00001191/19-24-9-19</subfield>
    <subfield code="l">2</subfield>
    <subfield code="p">04-B-7231</subfield>
    <subfield code="r">2025-10-30</subfield>
    <subfield code="s">2025-08-27</subfield>
    <subfield code="w">2019-09-28</subfield>
    <subfield code="y">02</subfield>
  </datafield>
  <datafield tag="952" ind1=" " ind2=" ">
    <subfield code="0">0</subfield>
    <subfield code="1">0</subfield>
    <subfield code="2">ddc</subfield>
    <subfield code="4">0</subfield>
    <subfield code="7">0</subfield>
    <subfield code="a">04</subfield>
    <subfield code="b">04</subfield>
    <subfield code="d">2019-09-28</subfield>
    <subfield code="e">Western Law House Meerut</subfield>
    <subfield code="g">525.00</subfield>
    <subfield code="i">00001191/19-24-9-19</subfield>
    <subfield code="l">1</subfield>
    <subfield code="p">04-B-7232</subfield>
    <subfield code="r">2024-02-07</subfield>
    <subfield code="s">2023-09-11</subfield>
    <subfield code="w">2019-09-28</subfield>
    <subfield code="y">02</subfield>
  </datafield>
  <datafield tag="952" ind1=" " ind2=" ">
    <subfield code="0">0</subfield>
    <subfield code="1">0</subfield>
    <subfield code="2">ddc</subfield>
    <subfield code="4">0</subfield>
    <subfield code="7">0</subfield>
    <subfield code="a">04</subfield>
    <subfield code="b">04</subfield>
    <subfield code="d">2019-09-28</subfield>
    <subfield code="e">Western Law House Meerut</subfield>
    <subfield code="g">525.00</subfield>
    <subfield code="i">00001191/19-24-9-19</subfield>
    <subfield code="l">1</subfield>
    <subfield code="p">04-B-7233</subfield>
    <subfield code="r">2023-02-04</subfield>
    <subfield code="s">2022-12-10</subfield>
    <subfield code="w">2019-09-28</subfield>
    <subfield code="y">02</subfield>
  </datafield>
  <datafield tag="952" ind1=" " ind2=" ">
    <subfield code="0">0</subfield>
    <subfield code="1">0</subfield>
    <subfield code="2">ddc</subfield>
    <subfield code="4">0</subfield>
    <subfield code="7">0</subfield>
    <subfield code="a">04</subfield>
    <subfield code="b">04</subfield>
    <subfield code="d">2019-09-28</subfield>
    <subfield code="e">Western Law House Meerut</subfield>
    <subfield code="g">525.00</subfield>
    <subfield code="i">00001191/19-24-9-19</subfield>
    <subfield code="l">2</subfield>
    <subfield code="p">04-B-7234</subfield>
    <subfield code="r">2023-02-11</subfield>
    <subfield code="s">2022-10-20</subfield>
    <subfield code="w">2019-09-28</subfield>
    <subfield code="y">02</subfield>
  </datafield>
  <datafield tag="952" ind1=" " ind2=" ">
    <subfield code="0">0</subfield>
    <subfield code="1">0</subfield>
    <subfield code="2">ddc</subfield>
    <subfield code="4">0</subfield>
    <subfield code="7">0</subfield>
    <subfield code="a">04</subfield>
    <subfield code="b">04</subfield>
    <subfield code="d">2019-09-28</subfield>
    <subfield code="e">Western Law House Meerut</subfield>
    <subfield code="g">525.00</subfield>
    <subfield code="i">00001191/19-24-9-19</subfield>
    <subfield code="l">3</subfield>
    <subfield code="p">04-B-7235</subfield>
    <subfield code="r">2025-01-28</subfield>
    <subfield code="s">2024-12-05</subfield>
    <subfield code="w">2019-09-28</subfield>
    <subfield code="y">02</subfield>
  </datafield>
  <datafield tag="952" ind1=" " ind2=" ">
    <subfield code="0">0</subfield>
    <subfield code="1">0</subfield>
    <subfield code="2">ddc</subfield>
    <subfield code="4">0</subfield>
    <subfield code="7">0</subfield>
    <subfield code="a">04</subfield>
    <subfield code="b">04</subfield>
    <subfield code="d">2019-09-28</subfield>
    <subfield code="e">Western Law House Meerut</subfield>
    <subfield code="g">525.00</subfield>
    <subfield code="i">00001191/19-24-9-19</subfield>
    <subfield code="l">2</subfield>
    <subfield code="p">04-B-7236</subfield>
    <subfield code="r">2024-01-31</subfield>
    <subfield code="s">2023-09-06</subfield>
    <subfield code="w">2019-09-28</subfield>
    <subfield code="y">02</subfield>
  </datafield>
  <datafield tag="952" ind1=" " ind2=" ">
    <subfield code="0">0</subfield>
    <subfield code="1">0</subfield>
    <subfield code="2">ddc</subfield>
    <subfield code="4">0</subfield>
    <subfield code="7">0</subfield>
    <subfield code="a">04</subfield>
    <subfield code="b">04</subfield>
    <subfield code="d">2019-09-28</subfield>
    <subfield code="e">Western Law House Meerut</subfield>
    <subfield code="g">525.00</subfield>
    <subfield code="i">00001191/19-24-9-19</subfield>
    <subfield code="l">0</subfield>
    <subfield code="p">04-B-7237</subfield>
    <subfield code="r">2019-09-28</subfield>
    <subfield code="w">2019-09-28</subfield>
    <subfield code="y">02</subfield>
  </datafield>
  <datafield tag="952" ind1=" " ind2=" ">
    <subfield code="0">0</subfield>
    <subfield code="1">0</subfield>
    <subfield code="2">ddc</subfield>
    <subfield code="4">0</subfield>
    <subfield code="7">0</subfield>
    <subfield code="a">04</subfield>
    <subfield code="b">04</subfield>
    <subfield code="d">2019-09-28</subfield>
    <subfield code="e">Western Law House Meerut</subfield>
    <subfield code="g">525.00</subfield>
    <subfield code="i">00001191/19-24-9-19</subfield>
    <subfield code="l">0</subfield>
    <subfield code="p">04-B-7238</subfield>
    <subfield code="r">2019-09-28</subfield>
    <subfield code="w">2019-09-28</subfield>
    <subfield code="y">02</subfield>
  </datafield>
  <datafield tag="952" ind1=" " ind2=" ">
    <subfield code="0">0</subfield>
    <subfield code="1">0</subfield>
    <subfield code="2">ddc</subfield>
    <subfield code="4">0</subfield>
    <subfield code="7">0</subfield>
    <subfield code="a">04</subfield>
    <subfield code="b">04</subfield>
    <subfield code="d">2019-09-28</subfield>
    <subfield code="e">Western Law House Meerut</subfield>
    <subfield code="g">525.00</subfield>
    <subfield code="i">00001191/19-24-9-19</subfield>
    <subfield code="l">0</subfield>
    <subfield code="p">04-B-7239</subfield>
    <subfield code="r">2019-09-28</subfield>
    <subfield code="w">2019-09-28</subfield>
    <subfield code="y">02</subfield>
  </datafield>
  <datafield tag="952" ind1=" " ind2=" ">
    <subfield code="0">0</subfield>
    <subfield code="1">0</subfield>
    <subfield code="2">ddc</subfield>
    <subfield code="4">0</subfield>
    <subfield code="7">0</subfield>
    <subfield code="a">04</subfield>
    <subfield code="b">04</subfield>
    <subfield code="d">2019-09-28</subfield>
    <subfield code="e">Western Law House Meerut</subfield>
    <subfield code="g">525.00</subfield>
    <subfield code="i">00001191/19-24-9-19</subfield>
    <subfield code="l">2</subfield>
    <subfield code="p">04-B-7240</subfield>
    <subfield code="r">2024-01-31</subfield>
    <subfield code="s">2023-10-03</subfield>
    <subfield code="w">2019-09-28</subfield>
    <subfield code="y">02</subfield>
  </datafield>
  <datafield tag="952" ind1=" " ind2=" ">
    <subfield code="0">0</subfield>
    <subfield code="1">0</subfield>
    <subfield code="2">ddc</subfield>
    <subfield code="4">0</subfield>
    <subfield code="7">0</subfield>
    <subfield code="a">04</subfield>
    <subfield code="b">04</subfield>
    <subfield code="d">2019-09-28</subfield>
    <subfield code="e">Western Law House Meerut</subfield>
    <subfield code="g">525.00</subfield>
    <subfield code="i">00001191/19-24-9-19</subfield>
    <subfield code="l">4</subfield>
    <subfield code="p">04-B-7241</subfield>
    <subfield code="r">2023-01-25</subfield>
    <subfield code="s">2022-11-28</subfield>
    <subfield code="w">2019-09-28</subfield>
    <subfield code="y">02</subfield>
  </datafield>
  <datafield tag="952" ind1=" " ind2=" ">
    <subfield code="0">0</subfield>
    <subfield code="1">0</subfield>
    <subfield code="2">ddc</subfield>
    <subfield code="4">0</subfield>
    <subfield code="7">0</subfield>
    <subfield code="a">04</subfield>
    <subfield code="b">04</subfield>
    <subfield code="d">2019-09-28</subfield>
    <subfield code="e">Western Law House Meerut</subfield>
    <subfield code="g">525.00</subfield>
    <subfield code="i">00001191/19-24-9-19</subfield>
    <subfield code="l">4</subfield>
    <subfield code="p">04-B-7242</subfield>
    <subfield code="r">2025-01-29</subfield>
    <subfield code="s">2024-09-03</subfield>
    <subfield code="w">2019-09-28</subfield>
    <subfield code="y">02</subfield>
  </datafield>
  <datafield tag="952" ind1=" " ind2=" ">
    <subfield code="0">0</subfield>
    <subfield code="1">0</subfield>
    <subfield code="2">ddc</subfield>
    <subfield code="4">0</subfield>
    <subfield code="7">0</subfield>
    <subfield code="a">04</subfield>
    <subfield code="b">04</subfield>
    <subfield code="d">2019-09-28</subfield>
    <subfield code="e">Western Law House Meerut</subfield>
    <subfield code="g">525.00</subfield>
    <subfield code="i">00001191/19-24-9-19</subfield>
    <subfield code="l">6</subfield>
    <subfield code="p">04-B-7243</subfield>
    <subfield code="q">2026-01-31</subfield>
    <subfield code="r">2025-10-27</subfield>
    <subfield code="s">2025-10-27</subfield>
    <subfield code="w">2019-09-28</subfield>
    <subfield code="y">02</subfield>
  </datafield>
</record>
